|
|
|
|
| LEADER |
00000nab a2200000 a 4500 |
| 001 |
vtls000817973 |
| 003 |
SK-MaSNL |
| 005 |
20260304114520.0 |
| 008 |
250429c2002 xo 0 slo |
| 015 |
|
|
|a SNBRB2002/12-40777
|
| 035 |
|
|
|a CLN000169628
|
| 035 |
|
|
|a urn:nbn:sk:snk-abp10
|
| 035 |
|
|
|a (urnnbn)urn:nbn:sk:snk:ar-a03h44
|
| 035 |
|
|
|a (uuid)542fff08-fd29-4052-a9e2-bc8a170393a0
|
| 040 |
|
|
|a SNKBUCL
|b slo
|c SNKBUCL
|e AACR2
|
| 041 |
0 |
|
|a slo
|
| 044 |
|
|
|a xo
|c SK
|
| 080 |
|
|
|a 659.3(437.6):338.23
|2 1997
|
| 080 |
|
|
|a 338.23:659.3(437.6)
|2 1997
|
| 100 |
1 |
|
|a Šmatlák, Martin,
|d 1961-
|4 aut
|9 89200
|
| 245 |
1 |
0 |
|a Komentár k návrhu Deklarácie o ochrane a zabezpečení rozvoja mediálneho prostredia
|c Martin Šmatlák
|
| 650 |
0 |
7 |
|a médiá
|x politika médiálna
|z Slovensko
|2 snkbucl
|9 1419498
|
| 655 |
|
7 |
|a články z novín a časopisov
|2 snkbucl
|9 267496
|
| 773 |
0 |
|
|t Otázky žurnalistiky
|g Roč. 45, č. 1-2 (2002), s. 111-112
|x 0322-7049
|
| 850 |
|
|
|a Slovenská národná knižnica
|
| 852 |
|
|
|a Slovenská národná knižnica
|
| 954 |
|
|
|a odborná, vedecká literatúra pôvodná (slovenská)
|2 lita
|
| 958 |
|
|
|a article27
|
| 958 |
|
|
|a SK
|
| 958 |
|
|
|a OND
|
| 958 |
|
|
|a EUIPO
|
| 992 |
|
|
|a RBX
|
| 999 |
|
|
|c 2873052
|d 2874982
|